Central Library OPAC University of Rajshahi

A Textbook of physical chemistry / (Record no. 72762)

MARC details
000 -LEADER
fixed length control field 00687nam a2200229 a 4500
001 - CONTROL NUMBER
control field 72762
003 - CONTROL NUMBER IDENTIFIER
rucl marc code BD-RjUL
005 - DATE AND TIME OF LATEST TRANSACTION
control field 20211209082315.0
008 - FIXED-LENGTH DATA ELEMENTS--GENERAL INFORMATION
fixed length control field 170523s1948 enka 001 0 eng d
035 ## - SYSTEM CONTROL NUMBER
System control number (BD-RjUL)72980
040 ## - CATALOGING SOURCE
Original cataloging agency DCP
Transcribing agency DCP
Modifying agency BD-RjUL
Language of cataloging eng
041 ## - LANGUAGE CODE
Language code of text/sound track or separate title eng
082 ## - DEWEY DECIMAL CLASSIFICATION NUMBER
Edition number 23
Classification number 541
Author mark and year FRT 1948
090 ## - LOCALLY ASSIGNED LC-TYPE CALL NUMBER (OCLC); LOCAL CALL NUMBER (OCLC)
Classification number (OCLC) (R) ; Classification number, CALL (RLIN) (NR) QD453
Local cutter number (OCLC) ; Book number/undivided call number, CALL (RLIN) .F73
100 1# - MAIN ENTRY--PERSONAL NAME
Personal name Friend, J. Newton
Fuller form of name (John Newton),
Dates associated with a name 1881-1966.
9 (RLIN) 215232
245 12 - TITLE STATEMENT
Title A Textbook of physical chemistry /
Statement of responsibility, etc. by J. Newton Friend.
260 ## - PUBLICATION, DISTRIBUTION, ETC. (IMPRINT)
Place of publication, distribution, etc. London :
Name of publisher, distributor, etc. C. Griffin & Co. Ltd.,
Date of publication, distribution, etc. 1948.
300 ## - PHYSICAL DESCRIPTION
Pagination xv, 566 p. :
Illustrations ill. ;
Size 23 cm.
500 ## - GENERAL NOTE
General note Includes index
650 #0 - SUBJECT ADDED ENTRY--TOPICAL TERM
Topical term or geographic name as entry element Chemistry, Physical and theoretical.
9 (RLIN) 215233
942 ## - ADDED ENTRY ELEMENTS (KOHA)
Source of classification or shelving scheme Dewey Decimal Classification
Koha item type Books
Holdings
Lost status Source of classification or shelving scheme Damaged status Not for loan Collection code Permanent Location Current Location Shelving location Date acquired Source of acquisition Total Checkouts Full call number Date last seen Copy number Koha item type Cost, normal purchase price
  Dewey Decimal Classification   Not For Loan Non-fiction Central Library, University of Rajshahi Central Library, University of Rajshahi Reading Room 29/11/1958 Colombo Plan   541 FRT 1948 23/05/2017 C-1 Books  
  Dewey Decimal Classification     Non-fiction Central Library, University of Rajshahi Central Library, University of Rajshahi   15/01/1958 Muhammad Brother   541 FRT 1948 24/05/2017 C-2 Books 36.90